000 00569nam a2200229Ia 4500
003 OSt
005 20221005133157.0
006 a|||||r|||| 00| 0
007 ta
008 221004b |||||||| |||| 00| 0 kan d
024 _a61497
037 _cTextual
040 _aCRL
_cCRL
_bkan
041 _2kan
_akan
082 _aR66,6x1,1,1, 33J0
100 _aShankara Au.
_9642169
245 0 _aViveka chuda mani
260 _c1950
650 _aPHILOSOPHY
942 _hR66,6x1,1,1, 33J0
_cTEXL
_2cc
999 _c1066000
_d1066000